Production/Operations Management (Record no. 2042)

MARC details
000 -LEADER
fixed length control field 01056cam a2200313 a 4500
001 - CONTROL NUMBER
control field 3560757
003 - CONTROL NUMBER IDENTIFIER
control field OSt
005 - DATE AND TIME OF LATEST TRANSACTION
control field 20161108175311.0
008 - FIXED-LENGTH DATA ELEMENTS--GENERAL INFORMATION
fixed length control field 980514s1999 maua bi 001 0 eng
010 ## - LIBRARY OF CONGRESS CONTROL NUMBER
LC control number 98024796
020 ## - INTERNATIONAL STANDARD BOOK NUMBER
International Standard Book Number 0073661120
020 ## - INTERNATIONAL STANDARD BOOK NUMBER
International Standard Book Number 0073661139
020 ## - INTERNATIONAL STANDARD BOOK NUMBER
International Standard Book Number 0071158561
035 ## - SYSTEM CONTROL NUMBER
System control number (DLC) 98024796
040 ## - CATALOGING SOURCE
Original cataloging agency DLC
Transcribing agency DLC
Modifying agency DLC
050 00 - LIBRARY OF CONGRESS CALL NUMBER
Classification number TS155
Item number .S7824 1999
082 00 - DEWEY DECIMAL CLASSIFICATION NUMBER
Classification number 658.5 STE 1999
Edition number 21
100 1# - MAIN ENTRY--PERSONAL NAME
Personal name Stevenson, William J.
9 (RLIN) 5298
245 10 - TITLE STATEMENT
Title Production/Operations Management
250 ## - EDITION STATEMENT
Edition statement 6th ed.
260 ## - PUBLICATION, DISTRIBUTION, ETC. (IMPRINT)
Place of publication, distribution, etc. Boston :
Name of publisher, distributor, etc. Irwin/McGraw-Hill,
Date of publication, distribution, etc. c1999.
300 ## - PHYSICAL DESCRIPTION
Extent xvi, 912 p. :
Other physical details ill. (some col.) ;
Dimensions 29 cm. +
Accompanying material disc
504 ## - BIBLIOGRAPHY, ETC. NOTE
Bibliography, etc Includes bibliographical references and index.
538 ## - SYSTEM DETAILS NOTE
System details note System requirements for accompanying computer disc: Microsoft Windows 95 ; Microsoft Internet Explorer 3.0 or higher ; Netscape Navigator 3.0 or higher.
650 #0 - SUBJECT ADDED ENTRY--TOPICAL TERM
Topical term or geographic name as entry element Production management.
9 (RLIN) 1383
650 #0 - SUBJECT ADDED ENTRY--TOPICAL TERM
Topical term or geographic name as entry element Operations management
9 (RLIN) 7771
906 ## - LOCAL DATA ELEMENT F, LDF (RLIN)
a 7
b cbc
c orignew
d 1
e ocip
f 19
g y-gencatlg
942 ## - ADDED ENTRY ELEMENTS (KOHA)
Source of classification or shelving scheme Other/Generic Classification Scheme
Koha item type Short Loan
Holdings
Withdrawn status Lost status Source of classification or shelving scheme Damaged status Not for loan Home library Current library Date acquired Source of acquisition Inventory number Total Checkouts Full call number Barcode Date last seen Price effective from Koha item type
    Other/Generic Classification Scheme     MUST Main Library MUST Main Library 12/06/2015 Purchase 2003/18504   658.5 STE 1999 2015-1873 12/06/2015 12/06/2015 Short Loan